| 000 | 00879cam a2200205 4500 | ||
|---|---|---|---|
| 001 | WB3803-25 | ||
| 008 | 020123n2002 000 0 eng u | ||
| 035 | _a(Sirsi) u116410 | ||
| 245 | _aNew post to tackle water pollution | ||
| 260 | _c2002 | ||
| 490 |
_aScottish Executive Press Release _vSE5189 21 January 2002, (2) |
||
| 520 | _aFarmers will be helped to reduce the risk of pollution to water from farming activities by a new post based at the Scottish Agricultural College. Post created through a partnership of the major stakeholders in Scottish Agiculture. For details of Forward Strategy for Scotland go to http://www.scotland.gov.uk/library3/agri/fssa-00.asp | ||
| 590 | _aWB | ||
| 650 | _aSCOTTISH AGRICULTURAL COLLEGE | ||
| 650 | _aWATER POLLUTION | ||
| 650 | _aSCOTLAND | ||
| 650 | _aSTAKEHOLDERS | ||
| 690 | _aRURAL-AGRICULTURE AND FORESTRY | ||
| 942 | _n0 | ||
| 999 |
_c69336 _d69336 |
||